000 00257nam a22000857a 4500
999 _c515212
_d515212
100 _aKhan, Mohammad Mohabbat
_920427
245 _aPolitics of administrative reform: A case study of Bangladesh
260 _aNew Delhi
_bAshish publishing
_c1991
300 _a105p.